LEADER 01645oam 2200493M 450 001 9910716244403321 005 20200213070515.3 035 $a(CKB)5470000002519682 035 $a(OCoLC)1065792215 035 $a(OCoLC)995470000002519682 035 $a(EXLCZ)995470000002519682 100 $a20071213d1926 ua 0 101 0 $aeng 135 $aurcn||||||||| 181 $ctxt$2rdacontent 182 $cc$2rdamedia 183 $acr$2rdacarrier 200 10$aAnna J. Larson. June 23 (calendar day, June 28), 1926. -- Ordered to be printed 210 1$a[Washington, D.C.] :$c[U.S. Government Printing Office],$d1926. 215 $a1 online resource (5 pages) 225 1 $aSenate report / 69th Congress, 1st session. Senate ;$vno. 1163 225 1 $a[United States congressional serial set ] ;$v[serial no. 8528] 300 $aBatch processed record: Metadata reviewed, not verified. Some fields updated by batch processes. 300 $aFDLP item number not assigned. 517 $aAnna J. Larson. June 23 606 $aAdvisory boards 606 $aClaims 606 $aExpense accounts 606 $aWages 608 $aLegislative materials.$2lcgft 615 0$aAdvisory boards. 615 0$aClaims. 615 0$aExpense accounts. 615 0$aWages. 701 $aGooding$b Frank Robert$f1859-1928$pRepublican (ID)$01389127 801 0$bWYU 801 1$bWYU 801 2$bOCLCO 801 2$bOCLCQ 801 2$bOCLCO 906 $aBOOK 912 $a9910716244403321 996 $aAnna J. Larson. June 23 (calendar day, June 28), 1926. -- Ordered to be printed$93488905 997 $aUNINA LEADER 07143oam 22014534 450 001 9910789904003321 005 20230801223133.0 010 $a1-4639-8626-2 010 $a1-4639-4952-9 010 $a1-4639-4099-8 035 $a(CKB)2670000000184980 035 $a(EBL)1606540 035 $a(SSID)ssj0000941791 035 $a(PQKBManifestationID)11498812 035 $a(PQKBTitleCode)TC0000941791 035 $a(PQKBWorkID)10964434 035 $a(PQKB)11233022 035 $a(MiAaPQ)EBC1606540 035 $a(Au-PeEL)EBL1606540 035 $a(CaPaEBR)ebr10553701 035 $a(OCoLC)870244936 035 $a(IMF)WPIEE2012029 035 $a(IMF)WPIEA2012029 035 $a(EXLCZ)992670000000184980 100 $a20020129d2012 uf 0 101 0 $aeng 135 $aur|n|---||||| 181 $ctxt 182 $cc 183 $acr 200 10$aBank Funding Structures and Risk : $eEvidence From the Global Financial Crisis /$fPablo Federico, Francisco Vazquez 210 1$aWashington, D.C. :$cInternational Monetary Fund,$d2012. 215 $a1 online resource (35 p.) 225 1 $aIMF Working Papers 300 $aDescription based upon print version of record. 311 $a1-4639-3314-2 320 $aIncludes bibliographical references. 327 $aCover; Abstract; Contents; I. Introduction; II. Related Literature and Empirical Hypotheses; III. Data and Target Variables; A. Indicators of Bank Liquidity and Leverage; B. Global Banks Versus Domestic Banks; C. Bank Failure; IV. Empirical Approach and Quantitative Results; A. Stylized Facts; B. Baseline Regressions; C. Are There Threshold Effects at Play?; D. Are There Differences Across Bank Types?; V. Robustness Check; VI. Concluding Remarks; VII. References; Figures; 1. Evolution of Structural Liquidity and Leverage Before the Crisis, 2001-07 327 $a2. Evolution of Structural Liquidity and Leverage by Failed and Non-Failed Banks3. Distributions of Pre-Crisis Liquidity and Leverage across Failed and Non-Failed; Tables; 1. Stylized Balance-Sheet and Weights to Compute the NSFR; 2. Sample Coverage by Region and Type; 3. Summary Statistics of Selected Variables, 2001-07; 4. Pairwise Correlations Between Selected Variables, 2001-07; 5. Baseline Regressions; 6. Estimates of the Marginal Impact on the Probabilities of Default; 7. Probit Regressions by Sub-Samples of Liquidity and Leverage; 8. Regressions by Bank Types 327 $a9. Results of Robustness Checks by Alternative Definitions of Liquidity and CapitalTable 10. Results of Robustness Checks by Sub-Components of Bank Failure 330 3 $aThis paper analyzes the evolution of bank funding structures in the run up to the global financial crisis and studies the implications for financial stability, exploiting a bank-level dataset that covers about 11,000 banks in the U.S. and Europe during 2001?09. The results show that banks with weaker structural liquidity and higher leverage in the pre-crisis period were more likely to fail afterward. The likelihood of bank failure also increases with bank risk-taking. In the cross-section, the smaller domestically-oriented banks were relatively more vulnerable to liquidity risk, while the large cross-border banks were more susceptible to solvency risk due to excessive leverage. The results support the proposed Basel III regulations on structural liquidity and leverage, but suggest that emphasis should be placed on the latter, particularly for the systemically-important institutions. Macroeconomic and monetary conditions are also shown to be related with the likelihood of bank failure, providing a case for the introduction of a macro-prudential approach to banking regulation. 410 0$aIMF Working Papers; Working Paper ;$vNo. 2012/029 606 $aGlobal Financial Crisis, 2008-2009 606 $aBank failures$zDeveloped countries 606 $aBanks and Banking$2imf 606 $aFinance: General$2imf 606 $aFinancial Risk Management$2imf 606 $aIndustries: Financial Services$2imf 606 $aInvestments: Stocks$2imf 606 $aFinancial Institutions and Services: Government Policy and Regulation$2imf 606 $aBanks$2imf 606 $aDepository Institutions$2imf 606 $aMicro Finance Institutions$2imf 606 $aMortgages$2imf 606 $aPortfolio Choice$2imf 606 $aInvestment Decisions$2imf 606 $aFinancial Crises$2imf 606 $aFinancial Institutions and Services: General$2imf 606 $aPension Funds$2imf 606 $aNon-bank Financial Institutions$2imf 606 $aFinancial Instruments$2imf 606 $aInstitutional Investors$2imf 606 $aBanking$2imf 606 $aFinance$2imf 606 $aFinancial services law & regulation$2imf 606 $aEconomic & financial crises & disasters$2imf 606 $aInvestment & securities$2imf 606 $aLiquidity requirements$2imf 606 $aLiquidity$2imf 606 $aFinancial crises$2imf 606 $aDistressed institutions$2imf 606 $aFinancial regulation and supervision$2imf 606 $aAsset and liability management$2imf 606 $aFinancial institutions$2imf 606 $aStocks$2imf 606 $aBanks and banking$2imf 606 $aState supervision$2imf 606 $aEconomics$2imf 606 $aFinancial services industry$2imf 607 $aUnited States$2imf 615 0$aGlobal Financial Crisis, 2008-2009. 615 0$aBank failures 615 7$aBanks and Banking 615 7$aFinance: General 615 7$aFinancial Risk Management 615 7$aIndustries: Financial Services 615 7$aInvestments: Stocks 615 7$aFinancial Institutions and Services: Government Policy and Regulation 615 7$aBanks 615 7$aDepository Institutions 615 7$aMicro Finance Institutions 615 7$aMortgages 615 7$aPortfolio Choice 615 7$aInvestment Decisions 615 7$aFinancial Crises 615 7$aFinancial Institutions and Services: General 615 7$aPension Funds 615 7$aNon-bank Financial Institutions 615 7$aFinancial Instruments 615 7$aInstitutional Investors 615 7$aBanking 615 7$aFinance 615 7$aFinancial services law & regulation 615 7$aEconomic & financial crises & disasters 615 7$aInvestment & securities 615 7$aLiquidity requirements 615 7$aLiquidity 615 7$aFinancial crises 615 7$aDistressed institutions 615 7$aFinancial regulation and supervision 615 7$aAsset and liability management 615 7$aFinancial institutions 615 7$aStocks 615 7$aBanks and banking 615 7$aState supervision 615 7$aEconomics 615 7$aFinancial services industry 700 $aFederico$b Pablo$01497248 701 $aVazquez$b Francisco$0395343 801 0$bDcWaIMF 906 $aBOOK 912 $a9910789904003321 996 $aBank Funding Structures and Risk$93722294 997 $aUNINA LEADER 01615nas 2200361 n 450 001 990008979720403321 005 20240229084534.0 011 $a0143-7496 035 $a000897972 035 $aFED01000897972 035 $a(Aleph)000897972FED01 035 $a000897972 091 $2CNR$aP 00146024 100 $a20161109a19809999km-y0itaa50------ba 101 0 $aeng 102 $aGB 110 $aauu-------- 200 1 $aInternational journal of adhesion and adhesives 207 1$a1980- 210 $aGuildford$cButterworth Scientific Limited 452 0$12001$aInternational journal of adhesion and adhesives 530 0 $aInternational journal of adhesion and adhesives 676 $a668.305 801 0$aIT$bACNP$c20090723 859 4 $uhttp://acnp.cib.unibo.it/cgi-ser/start/it/cnr/dc-p1.tcl?catno=77690&person=false&language=ITALIANO&libr=&libr_th=unina1$zBiblioteche che possiedono il periodico 901 $aSE 912 $a990008979720403321 958 $aBiblioteca. Dipartimento di Ingegneria dei Materiali e della Produzione dell'Università Federico II$b1983-1994;$eCA$fDINMP 959 $aDINMP 996 $aInternational journal of adhesion and adhesives$9793601 997 $aUNINA AP1 8 $6866-01$aNA105 Biblioteca. Dipartimento di Ingegneria dei Materiali e della Produzione dell'Università Federico II$bCA$ep.le Tecchio,80, 80125 Napoli (NA)$m081 7682595$m081 7682595$nit AP2 40$aacnp.cib.unibo.it$nACNP Italian Union Catalogue of Serials$uhttp://acnp.cib.unibo.it/cgi-ser/start/it/cnr/df-p.tcl?catno=77690&language=ITALIANO&libr=&person=&B=1&libr_th=unina&proposto=NO LEADER 02663oas 2201021 a 450 001 9910145638703321 005 20260310213014.0 011 $a1480-3321 035 $a(OCoLC)1082477845 035 $a(CONSER)cn 99790010 035 $a(CKB)954925546282 035 $a(EXLCZ)99954925546282 100 $a19980423a19989999 ua a 101 0 $aeng 135 $aurcn||||||||| 181 $ctxt$2rdacontent 182 $cc$2rdamedia 183 $acr$2rdacarrier 200 10$aGenome =$eGe?nome 210 $a[Ottawa] $c[NRC Research Press, National Research Council Canada]$d[1998]- 300 $aRefereed/Peer-reviewed 300 $aTitle from title screen. 311 08$a0831-2796 531 0 $aGenome 606 $aGenetics$vPeriodicals 606 $aCytogenetics$vPeriodicals 606 $aGenomes 606 $aGenetics$vPeriodicals 606 $aCytogenetics$xPeriodicals 606 $aGenome 606 $aGenetics 606 $aGe?ne?tique$xPe?riodiques 606 $aCytoge?ne?tique$xPe?riodiques 606 $aGe?ne?tique$vPe?riodiques 606 $aCytoge?ne?tique$vPe?riodiques 606 $aGe?nomes 606 $aGenetics & Genomics$2ebps 606 $aCytogenetics$2fast$3(OCoLC)fst00886262 606 $aGenetics$2fast$3(OCoLC)fst00940117 606 $aGenomes$2fast$3(OCoLC)fst00940225 608 $aPeriodical 608 $aPeriodicals.$2fast 608 $aperiodicals.$2aat 608 $aPeriodicals.$2lcgft 608 $aPe?riodiques.$2rvmgf 615 0$aGenetics 615 0$aCytogenetics 615 0$aGenomes. 615 0$aGenetics 615 0$aCytogenetics$xPeriodicals. 615 2$aGenome 615 2$aGenetics 615 6$aGe?ne?tique$xPe?riodiques. 615 6$aCytoge?ne?tique$xPe?riodiques. 615 6$aGe?ne?tique 615 6$aCytoge?ne?tique 615 6$aGe?nomes. 615 7$aGenetics & Genomics. 615 7$aCytogenetics. 615 7$aGenetics. 615 7$aGenomes. 676 $a576.5/05 686 $acci1icc$2lacc 686 $acoll11$2lacc 686 $acoll14$2lacc 712 02$aNational Research Council Canada. 801 0$bNLC 801 1$bNLC 801 2$bOCLCO 801 2$bAU@ 801 2$bOCL 801 2$bOCLCQ 801 2$bOCLCO 801 2$bOCLCA 801 2$bHQ1 801 2$bOCLCO 801 2$bORU 801 2$bVT2 801 2$bOCLCF 801 2$bCNMTR 801 2$bOCLCL 801 2$bSFB 801 2$bLDP 801 2$bUK7LJ 906 $aJOURNAL 912 $a9910145638703321 996 $aGenome$9795555 997 $aUNINA